Absolventské koncerty košických kozervatoristov

Bibliographic Details
Main Author: Čurilla, Štefan, 1934- (Author)
Format: Article
Language:Slovak
PhysicalDescription:Obr. 1.
Subjects:

MARC

LEADER 00000nab a2200000 a 4500
001 vtls000039264
003 SK-MaSNL
005 20260304062201.0
008 250422c1979 xo 0 slo
015 |a SNBRB19rr/mm-uuuuu 
035 |a CL0049359 
035 |a urn:nbn:sk:snk-ab26no 
035 |a (urnnbn)urn:nbn:sk:snk:ar-a01ro4 
035 |a (uuid)24bf2fd8-eee2-47f1-8a53-3a32aa919dce 
040 |a SNKBUCL  |b slo  |c SNKBUCL  |e AACR2 
041 0 |a slo 
044 |a xo  |c SK 
080 |a 78  |2 1981 
100 1 |a Čurilla, Štefan,  |d 1934-  |4 aut  |9 295498 
245 1 0 |a Absolventské koncerty košických kozervatoristov  |c Štefan Čurilla 
300 |b Obr. 1. 
610 2 7 |a Konzervatórium (Košice, Slovensko)  |2 snkbucl  |9 29661 
650 0 7 |a umelci hudobní  |2 snkbucl  |9 1001605 
655 7 |a články z novín a časopisov  |2 snkbucl  |9 267496 
773 0 |t Hudobný život  |g Roč. 11, č. 14 (9. 7. 1979), s. 2 
850 |a Slovenská národná knižnica 
852 |a Slovenská národná knižnica 
954 |a odborná, vedecká literatúra pôvodná (slovenská)  |2 lita 
957 |a 5403 
958 |a article27 
958 |a OND 
958 |a RK 
958 |a EUIPO 
992 |a RBX 
999 |c 2736893  |d 2738823